• 首页
  • 本馆介绍
  • 公告通知
  • 最新文献
  • 馆藏检索
  • 电子资源
  • 读者导购
  • 参考咨询
  • 我的图书馆
  • 登录
  • 详细信息显示
  • 放入我的书架
  • 预约/预借图书
  • 作者相关作品
  • 分类相关作品
  • 丛书相关作品
  • 出版社相关作品

书目信息

  • 表格格式
  • 工作单格式
  • 卡片格式
题名:
鱼病防治与安全用药问答
    
 
作者: 汪开毓 主编
分册:  
出版信息: 北京   中国农业出版社  2008
页数: 210页
开本: 18cm
丛书名: 建设社会主义新农村书系
单 册:
中图分类: S942-44
科图分类:
主题词: 鱼病--防治--问答 , 鱼病--用药法--问答
电子资源:
ISBN: 978-7-109-12195-9
000 00776oam2 2200241 45
005 20100303150559.57
010    @a978-7-109-12195-9@dCNY10.00
100    @a20100121d2008 ekmy0chiy0120 ea
101 0  @achi
102    @aCN@b110000
105    @ay z 000yy
106    @ar
200 1  @a鱼病防治与安全用药问答@AYu Bing Fang Zhi Yu An Quan Yong Yao Wen Da@f汪开毓主编@FWang Kai Yu Zhu Bian
210    @a北京@c中国农业出版社@c农村读物出版社@d2008
215    @a210页@d18cm
225 2  @a建设社会主义新农村书系@i养殖业篇
461  0 @12001 @a建设社会主义新农村书系@i养殖业篇
606 0  @a鱼病@x防治@x问答
606 0  @a鱼病@x用药法@x问答
690    @aS942-44@v4
701  0 @a汪开毓@AWang Kai Yu@4主编
801  0 @aCN@bTANGWEI@c20100303
905    @b0585205-09@dS942-44@e30@f5
    
    鱼病防治与安全用药问答/汪开毓主编.-北京:中国农业出版社:农村读物出版社,2008
    210页;18cm.-(建设社会主义新农村书系.养殖业篇)
    
    
    ISBN 978-7-109-12195-9:CNY10.00
    
●
相关链接 在E读中查询图书 在五车中查询图书 在当当中查询图书 在豆瓣中查询图书


正题名:鱼病防治与安全用药问答     索取号:S942-44/30         预约/预借

序号 登录号 条形码 馆藏地/架位号 状态 备注
1 0585205   205852059   第二样本阅览室/ [索取号:S942-44/30] 在馆    
2 0585206   205852068   密集书库-生命科学系/ [索取号:S942-44/30] 在馆    
3 0585207   205852077   第三借阅区/ [索取号:S942-44/30] 在馆    
4 0585208   205852086   第三借阅区/ [索取号:S942-44/30] 在馆    
5 0585209   205852095   第三借阅区/ [索取号:S942-44/30] 在馆    
唐山师范学院图书馆 欢迎您!
大连网信软件有限公司© 版权所有